| Arts - Music | 2 | 15.00 | 100% | 50% | 0% |
| Arts - Other Arts | 2 | 10.00 | 100% | 0% | 0% |
| Arts - Painting | 3 | 13.33 | 67% | 67% | 0% |
| History - American History | 1 | 20.00 | 100% | 100% | 0% |
| History - European | 3 | 16.67 | 100% | 67% | 0% |
| History - World History | 2 | 20.00 | 100% | 50% | 50% |
| Literature - British Lit | 3 | 13.33 | 100% | 33% | 0% |
| Literature - European Lit | 3 | 13.33 | 100% | 0% | 33% |
| Literature - World Lit | 2 | 10.00 | 100% | 0% | 0% |
| Mythology | 2 | 15.00 | 100% | 50% | 0% |
| NA | 1 | 20.00 | 100% | 100% | 0% |
| Other Academic | 1 | 20.00 | 100% | 100% | 0% |
| Pop Culture | 2 | 10.00 | 100% | 0% | 0% |
| Religion | 3 | 13.33 | 100% | 33% | 0% |
| Science - Biology | 2 | 5.00 | 50% | 0% | 0% |
| Science - Chemistry | 2 | 20.00 | 100% | 100% | 0% |
| Science - Other Science | 3 | 20.00 | 100% | 33% | 67% |
| Science - Physics | 1 | 20.00 | 100% | 100% | 0% |
| Thought - Philosophy | 1 | 20.00 | 100% | 100% | 0% |
| Thought - Social Science | 1 | 20.00 | 100% | 100% | 0% |
| Arts - Music | 4 | 12.50 | 75% | 25% | 25% |
| Arts - Other Arts | 3 | 13.33 | 100% | 33% | 0% |
| Arts - Painting | 4 | 17.50 | 100% | 50% | 25% |
| History - American History | 5 | 14.00 | 100% | 40% | 0% |
| History - European | 3 | 16.67 | 100% | 67% | 0% |
| History - Other History | 2 | 20.00 | 100% | 100% | 0% |
| History - World | 1 | 20.00 | 100% | 100% | 0% |
| History - World History | 4 | 17.50 | 100% | 75% | 0% |
| Literature - American Lit | 3 | 20.00 | 100% | 67% | 33% |
| Literature - British Lit | 2 | 10.00 | 50% | 50% | 0% |
| Literature - European Lit | 4 | 10.00 | 100% | 0% | 0% |
| Literature - World Lit | 1 | 10.00 | 100% | 0% | 0% |
| Mythology | 2 | 20.00 | 100% | 100% | 0% |
| Other - Geo/CE | 3 | 20.00 | 100% | 100% | 0% |
| Other Academic | 3 | 16.67 | 100% | 67% | 0% |
| Religion | 2 | 20.00 | 100% | 100% | 0% |
| Science - Biology | 5 | 10.00 | 80% | 20% | 0% |
| Science - Chemistry | 3 | 16.67 | 100% | 67% | 0% |
| Science - Engineering | 1 | 20.00 | 100% | 100% | 0% |
| Science - Other Science | 3 | 20.00 | 100% | 67% | 33% |
| Science - Physics | 1 | 10.00 | 100% | 0% | 0% |
| Thought - Philosophy | 4 | 20.00 | 100% | 100% | 0% |
| Thought - Social Science | 3 | 13.33 | 100% | 33% | 0% |